000
00299nam a2200121Ia 4500
008
220204s9999 xx 000 0 und d
082
_a
677.1
_b
HIG
245
0
_a
High-tech fibers
260
_a
New Jersey
_b
Technical insights
_c
1985
650
_a
Carbon fibers
650
_a
Metal fibers
942
_c
BK
999
_c
39683
_d
39683